| 000 | 00616nam a22002057a 4500 | ||
|---|---|---|---|
| 005 | 20230921140027.0 | ||
| 010 | _aENG-138228 | ||
| 020 | _c895.00 | ||
| 035 | _aEN-121760 | ||
| 037 | _bDBAD/PUB | ||
| 082 | _a338.954 | ||
| 100 |
_aBahadur Satish _957279 |
||
| 245 |
_aA Textual Study Of The Apu Trilogy/ _cSatish Bahadur & Shyamala Vanarase |
||
| 260 |
_aNew Delhi _bLekhshri Publication _c2015 |
||
| 270 |
_a4695,21-A Daryaganj _bDelhi _e110002 |
||
| 300 |
_a187 _c25cm(hbk) |
||
| 700 |
_aSatish Bahadur _956902 |
||
| 700 |
_aShyamala Vanarase _957280 |
||
| 942 |
_2ddc _cEN _h791.437 _mBAH |
||
| 999 |
_c198511 _d198511 |
||